MARC details
| 000 -CABECERA |
| campo de control de longitud fija |
02413nam a2200325 a 4500 |
| 001 - NÚMERO DE CONTROL |
| campo de control |
000023777 |
| 005 - FECHA Y HORA DE LA ÚLTIMA TRANSACCIÓN |
| campo de control |
20251120073732.0 |
| 008 - DATOS DE LONGITUD FIJA--INFORMACIÓN GENERAL |
| campo de control de longitud fija |
110113s1995 dr 000 0 spa d |
| 020 ## - NÚMERO INTERNACIONAL ESTÁNDAR DEL LIBRO |
| ISBN cancelado o inválido |
8489548056 |
| 040 ## - FUENTE DE LA CATALOGACIÓN |
| Centro catalogador/agencia de origen |
DO-SdBNP |
| Lengua de catalogación |
spa |
| Centro/agencia transcriptor |
BNPHU |
| 082 ## - NÚMERO DE LA CLASIFICACIÓN DECIMAL DEWEY |
| Número de clasificación |
304.28 |
| Número de documento/Ítem |
F727a |
| 111 2# - ENTRADA PRINCIPAL--NOMBRE DE CONGRESO/REUNIÓN |
| Nombre de congreso/reunión o jurisdicción como elemento de entrada |
Foro Ambiental Paradigmas sobre Medio Ambiente. |
| Fecha del congreso/reunión |
(1994 : |
| Sede del congreso/Lugar de la reunión |
Santo Doming) |
| 9 (RLIN) |
48940 |
| 245 10 - MENCIÓN DE TÍTULO |
| Título |
Acción ambiental en la República Dominicana : |
| Resto del título |
discusiones sobre su conceptualización / |
| Mención de responsabilidad, etc. |
editor Víctor Eddy Ruiz B. |
| 260 ## - PUBLICACIÓN, DISTRIBUCIÓN, ETC. |
| Lugar de publicación, distribución, etc. |
Santiago de los Caballeros, República Dominicana : |
| Nombre del editor, distribuidor, etc. |
PUCMM, |
| Fecha de publicación, distribución, etc. |
1995. |
| 300 ## - DESCRIPCIÓN FÍSICA |
| Extensión |
169 p. ; |
| Dimensiones |
23 cm. |
| 490 1# - MENCIÓN DE SERIE |
| Mención de serie |
Documentos |
| Designación de volumen o secuencia |
175 |
| 500 ## - NOTA GENERAL |
| Nota general |
Incluye referencias bibliográficas y notas al pie de las páginas. |
| 500 ## - NOTA GENERAL |
| Nota general |
Incluye bibliografía al final de los capítulos. |
| 505 0# - NOTA DE CONTENIDO CON FORMATO |
| Información miscelánea |
Introducción -- |
| Título |
I.- Marco conceptual de la problemática ambiental: |
| -- |
El rol de la ecología en la conformación de un nuevo estilo de pensamiento / |
| Mención de responsabilidad |
Rafael Emilio Yunén -- |
| Título |
Conceptos y enfoques del fenómeno ambiental / |
| Mención de responsabilidad |
César Pérez -- |
| Título |
En torno a la discusión sobre la problemática ambiental / |
| Mención de responsabilidad |
Yeny Cornelio y Gavino Severino -- |
| Título |
El espacio rural: hacia un marco conceptual / |
| Mención de responsabilidad |
Pedro Juan del Rosario -- |
| Título |
II.- Marco metodológico general de los proyectos sobre medio ambiente: |
| -- |
Consideraciones teórico-metodológicas para un acercamiento a la problemática del medio ambiente urbano / |
| Mención de responsabilidad |
Lilian Bobea -- |
| Título |
Métodos participativos en la promoción del desarrollo rural aplicados a la conservación y uso de los recursos naturales / |
| Mención de responsabilidad |
C.E. López -- |
| Título |
III:- Política ambiental: |
| -- |
La gestión ambiental, un problema cultural / |
| Mención de responsabilidad |
Jorge Cela, S.J. -- |
| Título |
Gestores de cambios en el ambiente rural / |
| Mención de responsabilidad |
Carlos Brito -- |
| Información miscelánea |
Conclusiones -- |
| -- |
Lista de participantes. |
| 590 ## - NOTA LOCAL (RLIN) |
| Nota local |
Inventariado, 2018/BT |
| 650 #4 - PUNTO DE ACCESO ADICIONAL DE MATERIA--TÉRMINO DE MATERIA |
| Término de materia o nombre geográfico como elemento de entrada |
Protección del medio ambiente |
| Subdivisión de forma |
CONGRESOS, CONFERENCIAS, ETC. |
| 9 (RLIN) |
32011 |
| 650 #4 - PUNTO DE ACCESO ADICIONAL DE MATERIA--TÉRMINO DE MATERIA |
| Término de materia o nombre geográfico como elemento de entrada |
Ecología aplicada |
| 9 (RLIN) |
48941 |
| 650 #4 - PUNTO DE ACCESO ADICIONAL DE MATERIA--TÉRMINO DE MATERIA |
| Término de materia o nombre geográfico como elemento de entrada |
Política ambiental |
| Subdivisión geográfica |
República Dominicana |
| Subdivisión de forma |
CONGRESOS, CONFERENCIAS, ETC. |
| 9 (RLIN) |
48942 |
| 650 #4 - PUNTO DE ACCESO ADICIONAL DE MATERIA--TÉRMINO DE MATERIA |
| Término de materia o nombre geográfico como elemento de entrada |
Gestión ambiental |
| Subdivisión geográfica |
República Dominicana |
| Subdivisión de forma |
CONGRESOS, CONFERENCIAS, ETC. |
| 9 (RLIN) |
48943 |
| 650 #4 - PUNTO DE ACCESO ADICIONAL DE MATERIA--TÉRMINO DE MATERIA |
| Término de materia o nombre geográfico como elemento de entrada |
Hombres |
| Subdivisión general |
Influencia sobre la naturaleza |
| Subdivisión de forma |
CONGRESOS, CONFERENCIAS, ETC. |
| 9 (RLIN) |
48944 |
| 700 1# - PUNTO DE ACCESO ADICIONAL--NOMBRE DE PERSONA |
| Nombre de persona |
Ruiz B., Víctor Eddy, |
| Término indicativo de función/relación |
ed. |
| 9 (RLIN) |
12774 |
| 710 2# - PUNTO DE ACCESO ADICIONAL--NOMBRE DE ENTIDAD CORPORATIVA |
| Nombre de entidad corporativa o nombre de jurisdicción como elemento de entrada |
Pontificia Universidad Católica Madre y Maestra |
| 9 (RLIN) |
843 |
| 830 #0 - PUNTO DE ACCESO ADICIONAL DE SERIE-TÍTULO UNIFORME |
| Título uniforme |
Documentos |
| Designación de volumen o secuencia |
175 |
| 9 (RLIN) |
1047 |
| 910 ## - DATOS DE OPCIÓN DEL USUARIO (OCLC) |
| Datos de opción del usuario |
Validado. Control de calidad. EMS |